Teoría y problemas de cálculo diferencial e integral / (Record no. 171728)
[ view plain ]
| 000 -CABECERA | |
|---|---|
| campo de control de longitud fija | 01069nam a2200337Ia 4500 |
| 001 - NÚMERO DE CONTROL | |
| campo de control | dia_1181 |
| 003 - IDENTIFICADOR DEL NÚMERO DE CONTROL | |
| campo de control | CHAP |
| 005 - FECHA Y HORA DE LA ÚLTIMA TRANSACCIÓN | |
| campo de control | 20230130105214.0 |
| 008 - DATOS DE LONGITUD FIJA--INFORMACIÓN GENERAL | |
| campo de control de longitud fija | 220117s1971 xx 000 0 und d |
| 010 ## - NÚMERO DE CONTROL DE LA BIBLIOTECA DEL CONGRESO | |
| Número de control de LC | 171728 |
| 020 ## - NÚMERO INTERNACIONAL ESTÁNDAR DEL LIBRO | |
| Número Internacional Estándar del Libro | 1-07-091520-2 |
| 040 ## - FUENTE DE LA CATALOGACIÓN | |
| Centro/agencia transcriptor | CHAP |
| 082 ## - NÚMERO DE LA CLASIFICACIÓN DECIMAL DEWEY | |
| Número de clasificación | 515.3 A97 1971 |
| 100 ## - ENTRADA PRINCIPAL--NOMBRE DE PERSONA | |
| Nombre de persona | Ayres, Frank |
| 9 (RLIN) | 9021 |
| 245 ## - MENCIÓN DE TÍTULO | |
| Título | Teoría y problemas de cálculo diferencial e integral / |
| Mención de responsabilidad, etc. | Frank Ayres, Jr. ; traducción Luis Gutiérrez Díez y Angel Gutiérrez Vázquez |
| 260 ## - PUBLICACIÓN, DISTRIBUCIÓN, ETC. | |
| Lugar de publicación, distribución, etc. | México : |
| Nombre del editor, distribuidor, etc. | McGraw-Hill, |
| Fecha de publicación, distribución, etc. | 1971 |
| 300 ## - DESCRIPCIÓN FÍSICA | |
| Extensión | 345 p. |
| 400 ## - MENCIÓN DE SERIE/PUNTO DE ACCESO ADICIONAL--NOMBRE DE PERSONA [OBSOLETO, CAN/MARC], [LOCAL, USA] | |
| Nombre de persona | SERIE SCHAUM |
| 440 ## - MENCIÓN DE SERIE/PUNTO DE ACCESO ADICIONAL--TÍTULO | |
| Título | Compendios Schaum |
| 9 (RLIN) | 26089 |
| 500 ## - NOTA GENERAL | |
| Nota general | Título original: Calculus |
| 503 ## - NOTA DE HISTORIA BIBLIOGRÁFICA (BK CF MU) [OBSOLETO] | |
| Nota de historia bibliográfica | C/e y D. (ej. 6) |
| 590 ## - NOTA LOCAL (RLIN) | |
| Nota local | QA301 A97 1971 |
| 650 ## - PUNTO DE ACCESO ADICIONAL DE MATERIA--TÉRMINO DE MATERIA | |
| Término de materia o nombre geográfico como elemento de entrada | Cálculo diferencial |
| 9 (RLIN) | 23993 |
| 650 ## - PUNTO DE ACCESO ADICIONAL DE MATERIA--TÉRMINO DE MATERIA | |
| Término de materia o nombre geográfico como elemento de entrada | Cálculo integral |
| 9 (RLIN) | 23995 |
| 700 ## - PUNTO DE ACCESO ADICIONAL--NOMBRE DE PERSONA | |
| Nombre de persona | Gutiérrez Díez, Luis, tr. |
| 9 (RLIN) | 150216 |
| 700 ## - PUNTO DE ACCESO ADICIONAL--NOMBRE DE PERSONA | |
| Nombre de persona | Gutiérrez Vázquez, Angel, tr. |
| 9 (RLIN) | 150217 |
| 901 ## - ELEMENTOS DE DATOS A LOCAL LDA (RLIN) | |
| a | 515.3 A97 1971 |
| 902 ## - ELEMENTOS DE DATOS B LOCAL, LDB (RLIN) | |
| a | M |
| 905 ## - ELEMENTOS DE DATOS E LOCAL, LDE (RLIN) | |
| a | 5232271971 MX am 8222223322SPA16 |
| 942 ## - ELEMENTOS DE PUNTO DE ACCESO ADICIONAL (KOHA) | |
| Tipo de ítem Koha | Libro |
| Fuente del sistema de clasificación o colocación | Dewey Decimal Classification |
| Estado de retiro | Estado de pérdida | Fuente del sistema de clasificación o colocación | Estado dañado | No para préstamo | Código de colección | Localización permanente | Ubicación/localización actual | Fecha de adquisición | Información codificada de la localización en otra ubicación | Total de préstamos | Signatura topográfica completa | Código de barras | Fecha visto por última vez | Número de copia | Precio válido a partir de | Tipo de ítem Koha |
|---|---|---|---|---|---|---|---|---|---|---|---|---|---|---|---|---|
| Dewey Decimal Classification | General | Ingenieria Agroindustrial | Ingenieria Agroindustrial | 18/01/2022 | 1 | 515.3 A97 1971 | dia_004400 | 18/01/2022 | 6 | 18/01/2022 | Libro | |||||
| Dewey Decimal Classification | General | Ingenieria Agroindustrial | Ingenieria Agroindustrial | 18/01/2022 | 1 | 515.3 A97 1971 | dia_002583 | 18/01/2022 | 1 | 18/01/2022 | Libro | |||||
| Dewey Decimal Classification | General | Ingenieria Agroindustrial | Ingenieria Agroindustrial | 18/01/2022 | 1 | 515.3 A97 1971 | dia_002584 | 18/01/2022 | 2 | 18/01/2022 | Libro | |||||
| Dewey Decimal Classification | General | Ingenieria Agroindustrial | Ingenieria Agroindustrial | 18/01/2022 | 1 | 515.3 A97 1971 | dia_002585 | 18/01/2022 | 3 | 18/01/2022 | Libro | |||||
| Dewey Decimal Classification | General | Ingenieria Agroindustrial | Ingenieria Agroindustrial | 18/01/2022 | 1 | 515.3 A97 1971 | dia_002586 | 18/01/2022 | 4 | 18/01/2022 | Libro | |||||
| Dewey Decimal Classification | General | Ingenieria Agroindustrial | Ingenieria Agroindustrial | 18/01/2022 | 1 | 515.3 A97 1971 | dia_002587 | 18/01/2022 | 5 | 18/01/2022 | Libro |
